000 00499nam a2200181Ia 4500
005 20250326125205.0
008 250326s9999 xx 000 0 und d
037 _aTextbook
040 _aFMSL
_beng
_cFMSL
041 _aeng
_2eng
084 _aX:97D.44 K4
_qFMSL
100 _aMathur J S
245 0 _aIndian working g-class movement
_cMathur J S
260 _aAllahabad
_bAllahabad, J S Mathur
_c1964
300 _a401p
942 _cTB
_hX:97D.44 K4
999 _c1276940
_d1276940